<?xml version="1.0" encoding="UTF-8"?>
<record
    xmlns:xsi="http://www.w3.org/2001/XMLSchema-instance"
    xsi:schemaLocation="http://www.loc.gov/MARC21/slim http://www.loc.gov/standards/marcxml/schema/MARC21slim.xsd"
    xmlns="http://www.loc.gov/MARC21/slim">

  <leader>00462nam a22001817a 4500</leader>
  <controlfield tag="003">OSt</controlfield>
  <controlfield tag="008">250211b        |||||||| |||| 00| 0 eng d</controlfield>
  <datafield tag="020" ind1=" " ind2=" ">
    <subfield code="a">9789390846412</subfield>
  </datafield>
  <datafield tag="082" ind1=" " ind2=" ">
    <subfield code="a">615.19 CHC</subfield>
  </datafield>
  <datafield tag="100" ind1=" " ind2=" ">
    <subfield code="a">Chittipolu, Ajay kumar</subfield>
  </datafield>
  <datafield tag="245" ind1=" " ind2=" ">
    <subfield code="a">Computer Aided Drug Design and Tool Directory</subfield>
  </datafield>
  <datafield tag="250" ind1=" " ind2=" ">
    <subfield code="a">Ist</subfield>
  </datafield>
  <datafield tag="260" ind1=" " ind2=" ">
    <subfield code="a">New Delhi</subfield>
    <subfield code="b">Akinik Pub.</subfield>
    <subfield code="c">2021</subfield>
  </datafield>
  <datafield tag="300" ind1=" " ind2=" ">
    <subfield code="a">160</subfield>
  </datafield>
  <datafield tag="650" ind1=" " ind2=" ">
    <subfield code="a">Computer aided design </subfield>
  </datafield>
  <datafield tag="700" ind1=" " ind2=" ">
    <subfield code="a">Sreepada, Divya</subfield>
  </datafield>
  <datafield tag="942" ind1=" " ind2=" ">
    <subfield code="2">ddc</subfield>
    <subfield code="c">BK</subfield>
  </datafield>
  <datafield tag="999" ind1=" " ind2=" ">
    <subfield code="c">13078</subfield>
    <subfield code="d">13078</subfield>
  </datafield>
  <datafield tag="952" ind1=" " ind2=" ">
    <subfield code="0">0</subfield>
    <subfield code="1">0</subfield>
    <subfield code="2">ddc</subfield>
    <subfield code="4">0</subfield>
    <subfield code="7">0</subfield>
    <subfield code="8">BP</subfield>
    <subfield code="a">PIET</subfield>
    <subfield code="b">PIET</subfield>
    <subfield code="d">2025-02-08</subfield>
    <subfield code="e">Zafaa Books Distributres</subfield>
    <subfield code="f">In Rupees</subfield>
    <subfield code="g">835.00</subfield>
    <subfield code="k">ZBDO470</subfield>
    <subfield code="l">0</subfield>
    <subfield code="o">615.19 CHC</subfield>
    <subfield code="p">BP2633</subfield>
    <subfield code="r">2025-02-11 00:00:00</subfield>
    <subfield code="v">709.75</subfield>
    <subfield code="w">2025-02-06</subfield>
    <subfield code="y">REF</subfield>
  </datafield>
  <datafield tag="952" ind1=" " ind2=" ">
    <subfield code="0">0</subfield>
    <subfield code="1">0</subfield>
    <subfield code="2">ddc</subfield>
    <subfield code="4">0</subfield>
    <subfield code="7">0</subfield>
    <subfield code="8">BP</subfield>
    <subfield code="a">PIET</subfield>
    <subfield code="b">PIET</subfield>
    <subfield code="d">2025-02-08</subfield>
    <subfield code="e">Zafaa Books Distributres</subfield>
    <subfield code="f">In Rupees</subfield>
    <subfield code="g">835.00</subfield>
    <subfield code="k">ZBDO470</subfield>
    <subfield code="l">0</subfield>
    <subfield code="o">615.19 CHC</subfield>
    <subfield code="p">BP2634</subfield>
    <subfield code="r">2025-02-11 00:00:00</subfield>
    <subfield code="v">709.75</subfield>
    <subfield code="w">2025-02-06</subfield>
    <subfield code="y">BK</subfield>
  </datafield>
  <datafield tag="952" ind1=" " ind2=" ">
    <subfield code="0">0</subfield>
    <subfield code="1">0</subfield>
    <subfield code="2">ddc</subfield>
    <subfield code="4">0</subfield>
    <subfield code="7">0</subfield>
    <subfield code="8">BP</subfield>
    <subfield code="a">PIET</subfield>
    <subfield code="b">PIET</subfield>
    <subfield code="d">2025-02-08</subfield>
    <subfield code="e">Zafaa Books Distributres</subfield>
    <subfield code="f">In Rupees</subfield>
    <subfield code="g">835.00</subfield>
    <subfield code="k">ZBDO470</subfield>
    <subfield code="l">0</subfield>
    <subfield code="o">615.19 CHC</subfield>
    <subfield code="p">BP2635</subfield>
    <subfield code="r">2025-02-11 00:00:00</subfield>
    <subfield code="v">709.75</subfield>
    <subfield code="w">2025-02-06</subfield>
    <subfield code="y">BK</subfield>
  </datafield>
</record>
